Política y sociedad en una época de transición: de la sociedad tradicional a la sociedad de masas
Gespeichert in:
| 1. Verfasser: | |
|---|---|
| Format: | Buch |
| Sprache: | Spanisch |
| Veröffentlicht: |
Buenos Aires
Paidos
1968
|
| Schriftenreihe: | Biblioteca América Latina, 13
|
| Schlagworte: | |
| Tags: |
Tag hinzufügen
Keine Tags, Fügen Sie den ersten Tag hinzu!
|
MARC
| LEADER | 00000nam a2200000 a 4500 | ||
|---|---|---|---|
| 001 | UCW5192 | ||
| 003 | CL-VaPUC | ||
| 008 | 910108e19680000AG |||||||||||||||||spa|d | ||
| 082 | 0 | 4 | |a 303.4 |b GER |2 21 |
| 100 | |a Germani, Gino |e author |9 313842 | ||
| 245 | 1 | 0 | |a Política y sociedad en una época de transición: de la sociedad tradicional a la sociedad de masas |
| 300 | |a 355 p | ||
| 942 | |c BK | ||
| 945 | |d 19910108 00:00:00 | ||
| 260 | |a Buenos Aires |b Paidos |c 1968 | ||
| 650 | 0 | |a Cambio social |9 256857 | |
| 651 | 0 | |a América Latina |9 255027 | |
| 583 | |a last modification |c 19910108 00:00:00 |k Rodrigo Vera | ||
| 490 | 0 | |a Biblioteca América Latina, 13 | |
| 999 | |c 218678 |d 218676 | ||
| 952 | |0 0 |1 0 |4 0 |6 303_400000000000000_GER_1968 |7 0 |8 P |9 208605 |a BIBEDU |b BIBEDU |c BIBEDU_PB |d 2019-11-15 |i 2764873 |o 303.4 GER 1968 |p 2764873 |r 2019-11-15 |w 2019-11-15 |y BK |k EDU | ||
| 952 | |0 0 |1 0 |4 0 |6 303_400000000000000_GER_1968 |7 0 |8 A |9 208606 |a BIBGIM |b BIBGIM |d 2019-11-15 |i 1983865 |o 303.4 GER 1968 |p 1983865 |r 2025-01-15 |w 2019-11-15 |y BK |k SSL | ||
| 952 | |0 0 |1 0 |4 0 |6 303_400000000000000_GER_1968 |7 0 |8 A |9 208607 |a BIBHIS |b BIBHIS |d 2019-11-15 |i 1337165 |l 2 |o 303.4 GER 1968 |p 1337165 |r 2025-01-20 |s 2023-09-05 |w 2019-11-15 |y BK |k HIS | ||